The Cuphead Mega Quiz! - Statistics

General Stats
  • This quiz has been taken 24 times
  • The average score is 39 of 70
Answer Stats
Location Answer % Correct
Inkwell Isle 1 Cagney Carnation
90%
Inkwell Isle 1 Goopy le Grande
90%
Inkwell Isle 1 Hilda Berg
90%
Inkwell Isle 1 Ribby and Croaks
90%
Weapon Roundabout
85%
Inkwell Isle 1 The Root Pack
85%
Inkwell Isle 2 Beppi The Clown
80%
Inkwell Isle 2 Djimmi the Great
80%
Inkwell Hell King Dice
80%
Inkwell Isle 3 Cala Maria
75%
Weapon Charge
75%
Inkwell Isle 3 Dr. Kahl's Robot
75%
Weapon Lobber
75%
Inkwell Hell The Devil
75%
Inkwell Isle 2 Wally Warbles
75%
Inkwell Isle 2 Baroness von Bon Bon
70%
Weapon Spread
70%
King's Leap The Bishop
70%
King's Leap The Queen
70%
Inkwell Isle 3 Werner Werman
70%
Inkwell Isle 3 Captain Brineybeard
65%
Charm Coffee
65%
Inkwell Isle 1 Forest Follies
65%
Weapon Peashooter
65%
Inkwell Isle 3 Phantom Express
65%
Inkwell Isle 3 Sally Stageplay
65%
King's Leap The Knight
65%
King's Leap The Pawns
65%
King's Leap The Rook
65%
Weapon Chaser
60%
Weapon Crackshot
60%
Inkwell Isle 2 Grimm Matchstick
60%
Charm Heart
60%
Inkwell Isle 4 Moonshine Mob
60%
Charm Smoke Bomb
60%
Inkwell Isle 1 Treetop Trouble
60%
Charm Whetstone
60%
Charm Astral Cookie
55%
Inkwell Isle 4 Chef Saltbaker
55%
Inkwell Hell Mangosteen
55%
Inkwell Isle 4 Mortimer Freeze
55%
Inkwell Isle 3 Rumor Honeybottoms
55%
Inkwell Isle 4 The Howling Aces
55%
Charm Twin Heart
55%
Weapon Converge
50%
Charm Cursed Relic
50%
Inkwell Isle 4 Glumstone the Giant
50%
Inkwell Isle 2 Funhouse Frazzle
45%
Inkwell Hell Mr. Wheezy
45%
Inkwell Hell Pip and Dot
45%
Charm P. Sugar
45%
Weapon Twist-Up
45%
Charm Broken Relic
40%
Inkwell Hell Chips Bettigan
40%
Charm Divine Relic
40%
Inkwell Isle 2 Funfair Fever
40%
Inkwell Isle 3 Perilous Piers
40%
Inkwell Hell Phear Lap
40%
Inkwell Hell Pirouletta
40%
Secret Boss Angel and Devil
35%
Charm Heart Ring
35%
Inkwell Hell Hopus Pocus
35%
Inkwell Hell Mr. Chimes
35%
Inkwell Isle 4 Ester Winchester
30%
Inkwell Isle 3 Rugged Ridge
30%
King's Leap The Gauntlet
15%
Every Isle Mausoleums
5%
Plane Weapon Plane Bombs
0%
Plane Weapon Plane Shot
0%
Inkwell Hell Tipsy Troup
0%
No matching quizzes found
Score Distribution
Percent of People with Each Score
Percentile by Number Answered
Your Score History
You have not taken this quiz